ՄԱՅՐ ԱԹՈՌ ՍՈՒՐԲ ԷՋՄԻԱԾԻՆ

«ՎԱՉԵ ԵՎ ԹԱՄԱՐ ՄԱՆՈՒԿՅԱՆ» ՄԱՏԵՆԱԴԱՐԱՆ

کیسه های پر از قیر / (Record no. 75993)

MARC details
000 -LEADER
fixed length control field 00653nam a22002177a 4500
003 - CONTROL NUMBER IDENTIFIER
control field SEM
005 - DATE AND TIME OF LATEST TRANSACTION
control field 20250326170848.0
008 - FIXED-LENGTH DATA ELEMENTS--GENERAL INFORMATION
fixed length control field 250313s1401 Ir ||||gr||||||01|||Ir |d
040 ## - CATALOGING SOURCE
Original cataloging agency SEM
Transcribing agency SEM
041 ## - LANGUAGE CODE
Language code of text/sound track or separate title Iranian
080 ## - UNIVERSAL DECIMAL CLASSIFICATION NUMBER
Universal Decimal Classification number 92:955/S-44
100 ## - MAIN ENTRY--PERSONAL NAME
Personal name محسن سیفی کار
Fuller form of name (Seifikar, Mohsen)
245 ## - TITLE STATEMENT
Title کیسه های پر از قیر /
Statement of responsibility, etc. محسن سیفی کار
246 ## - VARYING FORM OF TITLE
Title proper/short title Bags full of bitumen /
260 ## - PUBLICATION, DISTRIBUTION, ETC.
Place of publication, distribution, etc. تهران :
-- [Tehran] :
Name of publisher, distributor, etc. S. n.,
Date of publication, distribution, etc. 1401.
300 ## - PHYSICAL DESCRIPTION
Extent 433 p ;
Dimensions 21 cm
650 ## - SUBJECT ADDED ENTRY--TOPICAL TERM
Topical term or geographic name entry element Persia
General subdivision History
-- Autobiography
653 ## - INDEX TERM--UNCONTROLLED
Uncontrolled term ՍԷՄ
700 ## - ADDED ENTRY--PERSONAL NAME
Personal name مژگان ,علیزاده
Relator term (Mojgan, Alizadeh)
942 ## - ADDED ENTRY ELEMENTS (KOHA)
Source of classification or shelving scheme Universal Decimal Classification
Koha item type Գրքեր/Books
Holdings
Withdrawn status Lost status Source of classification or shelving scheme Damaged status Not for loan Collection code Home library Current library Date acquired Inventory number Total Checkouts Full call number Barcode Date last seen Price effective from Koha item type Public note
    Universal Decimal Classification     Գրապահոց Մայր Աթոռ Սուրբ Էջմիածին «Վաչե և Թամար Մանուկյան» Մատենադարան Մայր Աթոռ Սուրբ Էջմիածին «Վաչե և Թամար Մանուկյան» Մատենադարան 13/03/2025 Arab-222   92:955/S-44 Arab-222 13/03/2025 13/03/2025 Գրքեր/Books Սպասարկվում է ընթերցասրահ